000 00444nam a2200157Ia 4500
003 OSt
005 20200619100006.0
008 190216s9999||||xx |||||||||||||| ||und||
040 _coclc
082 _a954
_bGRO/N
100 _aGrover, B L
_92648
245 0 _aNew Look On Modern Indian History /
_cB L Grover
260 _bS Chand & Co,
_c1984.
_aNew Delhi:
300 _a639p
942 _cBK
_2ddc
_h954
_iGRO/N
_k954
_mGRO/N
999 _c18887
_d18887